Good practice in Caring for Children with Special needs (Record no. 5498)

MARC details
000 -LEADER
fixed length control field 00617nam a22002177a 4500
003 - CONTROL NUMBER IDENTIFIER
control field OSt
005 - DATE AND TIME OF LATEST TRANSACTION
control field 20180423191717.0
008 - FIXED-LENGTH DATA ELEMENTS--GENERAL INFORMATION
fixed length control field 170131b xxu||||| |||| 00| 0 eng d
020 ## - INTERNATIONAL STANDARD BOOK NUMBER
International Standard Book Number 0748768378
040 ## - CATALOGING SOURCE
Transcribing agency DMLN
082 ## - DEWEY DECIMAL CLASSIFICATION NUMBER
Classification number WS113 D24g 2002
100 ## - MAIN ENTRY--PERSONAL NAME
Personal name Dare, Angela; O'Donovan, Margaret
9 (RLIN) 11471
245 ## - TITLE STATEMENT
Title Good practice in Caring for Children with Special needs
250 ## - EDITION STATEMENT
Edition statement 2nd ed.
260 ## - PUBLICATION, DISTRIBUTION, ETC. (IMPRINT)
Place of publication, distribution, etc. Cheltenham; Nelson Thornes, 2002
300 ## - PHYSICAL DESCRIPTION
Extent vi,410p; ill: 24cm
504 ## - BIBLIOGRAPHY, ETC. NOTE
Bibliography, etc References, & index included
650 ## - SUBJECT ADDED ENTRY--TOPICAL TERM
Topical term or geographic name as entry element Child special needs
9 (RLIN) 11472
650 ## - SUBJECT ADDED ENTRY--TOPICAL TERM
Topical term or geographic name as entry element Paediatrics
9 (RLIN) 3350
942 ## - ADDED ENTRY ELEMENTS (KOHA)
Source of classification or shelving scheme Other/Generic Classification Scheme
Koha item type Open Shelf
Holdings
Withdrawn status Lost status Source of classification or shelving scheme Damaged status Not for loan Home library Current library Date acquired Source of acquisition Inventory number Total Checkouts Full call number Barcode Date last seen Koha item type
    Other/Generic Classification Scheme     MUST Main Library MUST Main Library 31/01/2017   09/31394   WS113 D24g 2002 2017-0085 31/01/2017 Open Shelf